Revolta zachvátila i Balkán

Masové nepokoje v Bosne a Hercegovine. Scény ako z Kyjeva. Vlna protestov - úder ľudu na štátnu mafiu. Požiadavky demonštrantov. Európski vysokí komisári v Bosne a Hercegovine. Nastal čas bezodkladne konať.

Salvato in:
Dettagli Bibliografici
Autore principale: Pressburg, Adrian Peter
Natura: Capitolo di libro
Lingua:slovacco
Soggetti:
Tags: Aggiungi Tag
Nessun Tag, puoi essere il primo ad aggiungerne!!

MARC

LEADER 00000naa a2200000 4500
001 0182762
005 20231113100815.9
041 0 |a slo 
044 |a SK 
245 1 0 |a Revolta zachvátila i Balkán  |c Adrian Peter Pressburg 
520 |a Masové nepokoje v Bosne a Hercegovine. Scény ako z Kyjeva. Vlna protestov - úder ľudu na štátnu mafiu. Požiadavky demonštrantov. Európski vysokí komisári v Bosne a Hercegovine. Nastal čas bezodkladne konať. 
610 2 0 |a politika vnútorná 
610 2 0 |a demonštrácie 
610 2 0 |a vláda 
610 2 0 |a Bosna a Hercegovina 
100 1 |a Pressburg, Adrian Peter